White 2115 - Pretty Boy Piosenki - Statystyki

Ogólne statystyki
  • Ten quiz został rozwiązany 53 razy
  • Średni wynik to 11 z 16
Statystyki odpowiedzi
Hint Odpowiedź % Poprawnych
2 18
88%
8 Pretty Boy
88%
13 Afterparty
84%
4 Riri
84%
3 Broly
80%
6 Easy Rider
80%
1 Intro
80%
5 Pierwszy Raz
78%
10 Najmłodszy Łajcior
76%
15 Booker
71%
11 Buch Na Dwóch
71%
12 Sąsiedzi
71%
16 Traplife
69%
14 Śliczny Chłopiec
61%
9 Bulletproof
59%
7 Milanów Callin
2%
Nie znaleziono quizów pasujących do podanych kryteriów
Rozkład punktacji
Procent ludzi z każdym wynikiem
Percentyl według liczby udzielonych odpowiedzi
Twoja historia wyników
Nie rozwiązałeś tego quizu